00545nam a2200181Ia 450000500170000000800460001703700120006304000200007504100130009508400230010810000100013124500140014126000480015530000100020394200230021399900210023695201060025720250508152642.0008 250505s9999 xx 000 0 hin d aTextual aFEDLbengcFEDL ahin2eng a891.431, PAOqFEDL aPadma 0aBhavlekha aDelhi, IndiabVidya Prakashan Mandir c1960 a120p. cTEXLh891.431, PAO c1337815d1337815 00104070aFEDLbFEDLd2025-05-08l0o891.431, PAOpEL0019966r2025-05-08 15:26:42w2025-05-08yTEXL